[Event "ESP-ch U14"]
[Site "Salobrena"]
[Date "2023.07.21"]
[Round "8"]
[White "Diz Lorono, Irene"]
[Black "Torosyan Saghatelyan, Arturo"]
[Result "0-1"]
[WhiteElo "1461"]
[BlackElo "1725"]
[PlyCount "130"]
[EventDate "2023.07.17"]
[EventType "swiss"]
[EventRounds "9"]
[EventCountry "ESP"]
[SourceTitle "EXT 2024"]
[Source "ChessBase"]
[SourceDate "2023.10.10"]
[SourceVersion "1"]
[SourceVersionDate "2023.10.10"]
[SourceQuality "1"]

1. e4 c5 2. Nc3 Nc6 3. f4 g6 4. Nf3 Bg7 5. Bc4 e6 6. 0-0 Nge7 7. d3 d5 8. Bb3 0-0 9. Qe1 a6 10. f5 dxe4 11. f6 Bxf6 12. Nxe4 Bg7 13. Qh4 Nd4 14. Bg5 Nxf3+ 15. Rxf3 Qd4+ 16. Kh1 Nf5 17. Rxf5 exf5 18. c3 Qxd3 19. Nf6+ Bxf6 20. Bxf6 h5 21. Be7 Qe4 22. Qg5 Be6 23. Bxc5 Rfd8 24. Bd4 Bxb3 25. axb3 Rxd4 26. cxd4 Qxd4 27. h3 Qxb2 28. Rd1 Rc8 29. Qh6 Qxb3 30. Rd6 Qg3 31. Qd2 Re8 32. Rd8 Rxd8 33. Qxd8+ Kg7 34. Qd4+ Kh7 35. Qd7 Qe1+ 36. Kh2 Qe6 37. Qxb7 h4 38. Qb4 g5 39. Qd2 Kg6 40. Qd8 Qe5+ 41. Kh1 Qf6 42. Qg8+ Qg7 43. Qc8 Qa1+ 44. Kh2 Qe5+ 45. Kh1 a5 46. Qa6+ Kh5 47. Qa7 Qd5 48. Qb8 a4 49. Qh8+ Kg6 50. Qg8+ Kf6 51. Qh8+ Ke7 52. Qh5 Qd2 53. Qh8 Qe1+ 54. Kh2 Qg3+ 55. Kh1 a3 56. Qa8 Qe1+ 57. Kh2 Qe5+ 58. Kh1 Qe1+ 59. Kh2 Qg3+ 60. Kg1 Qe3+ 61. Kh1 g4 62. Qb7+ Kf6 63. Qc6+ Kg7 64. Qc4 Qe1+ 65. Kh2 g3# 0-1

[Event "Madrid Alcorcon op 1st"]
[Site "Madrid"]
[Date "2022.12.27"]
[Round "3"]
[White "Munoz Xu, Lain"]
[Black "Diz Lorono, Irene"]
[Result "0-1"]
[WhiteElo "1111"]
[BlackElo "1389"]
[PlyCount "94"]
[EventDate "2022.12.26"]
[EventType "swiss"]
[EventRounds "9"]
[EventCountry "ESP"]
[SourceTitle "CBM 212 Extra"]
[Source "ChessBase"]
[SourceDate "2023.03.31"]
[SourceVersion "1"]
[SourceVersionDate "2023.03.31"]
[SourceQuality "1"]

1. e4 c5 2. c3 d6 3. d4 cxd4 4. cxd4 Nf6 5. Nc3 g6 6. Nf3 Bg7 7. h3 0-0 8. Bc4 Nc6 9. 0-0 Bd7 10. Bg5 a6 11. Qd2 b5 12. Bb3 Na5 13. Bc2 Nc4 14. Qc1 Rc8 15. Bh6 Qc7 16. Bxg7 Kxg7 17. Re1 Nxb2 18. Qxb2 Qxc3 19. Qxc3 Rxc3 20. Bb3 Bxh3 21. gxh3 Rxf3 22. Kg2 Rd3 23. e5 dxe5 24. dxe5 Nh5 25. f3 Rd2+ 26. Kg1 Nf4 27. Rad1 Nxh3+ 28. Kh1 Nf2+ 29. Kg1 Nxd1 30. Bxd1 Rxa2 31. Bb3 Rb2 32. Bd5 Rd8 33. Bb7 a5 34. e6 fxe6 35. Be4 a4 36. f4 a3 37. Bf3 a2 38. Ra1 Rdd2 39. Re1 Rb1 40. Bd1 Rbxd1 41. Rxd1 Rxd1+ 42. Kf2 b4 43. f5 a1Q 44. fxe6 Qc3 45. Kg2 Qe3 46. Kh2 Qg5 47. Kh3 Rh1# 0-1

[Event "Madrid Alcorcon op 1st"]
[Site "Madrid"]
[Date "2022.12.26"]
[Round "1"]
[White "Garcia Ruiz Fuentes, Angel Marcos"]
[Black "Diz Lorono, Irene"]
[Result "1-0"]
[WhiteElo "2080"]
[BlackElo "1389"]
[PlyCount "67"]
[EventDate "2022.12.26"]
[EventType "swiss"]
[EventRounds "9"]
[EventCountry "ESP"]
[SourceTitle "CBM 212 Extra"]
[Source "ChessBase"]
[SourceDate "2023.03.31"]
[SourceVersion "1"]
[SourceVersionDate "2023.03.31"]
[SourceQuality "1"]

1. e4 c5 2. Nc3 d6 3. Nf3 Nf6 4. d4 cxd4 5. Nxd4 g6 6. Be2 Bg7 7. Bg5 h6 8. Bh4 Nc6 9. Nb3 0-0 10. 0-0 Be6 11. f4 Qb6+ 12. Kh1 Bxb3 13. axb3 Qd4 14. Bf3 a6 15. Qe2 Qc5 16. Na4 Qa5 17. Bf2 Qc7 18. Nb6 Rab8 19. c3 Na7 20. e5 dxe5 21. fxe5 Nd7 22. Nxd7 Qxd7 23. Bxa7 Rbc8 24. Bd4 Rfd8 25. Rad1 Qc7 26. Qe4 Rd7 27. e6 f5 28. Qh4 Rd6 29. Bxg7 Kxg7 30. Rxd6 Qxd6 31. Rd1 Qxe6 32. Re1 Qxb3 33. Rxe7+ Kg8 34. Qd4 1-0

[Event "ESP-ch U12"]
[Site "Salobrena"]
[Date "2021.07.07"]
[Round "5"]
[White "Melgar Morraja, Mateo"]
[Black "Diz Lorono, Irene"]
[Result "1-0"]
[WhiteElo "1346"]
[BlackElo "1214"]
[PlyCount "75"]
[EventDate "2021.07.05"]
[EventType "swiss"]
[EventRounds "9"]
[EventCountry "ESP"]
[SourceTitle "EXT 2022"]
[Source "ChessBase"]
[SourceDate "2021.10.06"]
[SourceVersion "1"]
[SourceVersionDate "2021.10.06"]
[SourceQuality "1"]

1. e4 c5 2. Nf3 d6 3. d4 cxd4 4. Nxd4 Nf6 5. Nc3 g6 6. Be3 Bg7 7. f3 0-0 8. Qd2 Nc6 9. Bc4 Bd7 10. a3 Rc8 11. Ba2 a6 12. g4 b5 13. h4 Qa5 14. h5 Nxd4 15. Bxd4 e6 16. hxg6 fxg6 17. b4 Qc7 18. Ne2 Qxc2 19. Rc1 Qxd2+ 20. Kxd2 Rxc1 21. Rxc1 Rc8 22. Rxc8+ Bxc8 23. g5 Ne8 24. Bxg7 Kxg7 25. Ke3 e5 26. Bb3 Nc7 27. f4 Be6 28. Bc2 exf4+ 29. Kxf4 Bc4 30. Nd4 Ne6+ 31. Nxe6+ Bxe6 32. a4 h5 33. gxh6+ Kxh6 34. axb5 axb5 35. Bd3 Bc4 36. Bxc4 bxc4 37. b5 c3 38. Ke3 1-0

[Event "ESP-ch U12"]
[Site "Salobrena"]
[Date "2021.07.05"]
[Round "1"]
[White "Uber Gracia, Hugo"]
[Black "Diz Lorono, Irene"]
[Result "1-0"]
[WhiteElo "1791"]
[BlackElo "1214"]
[PlyCount "132"]
[EventDate "2021.07.05"]
[EventType "swiss"]
[EventRounds "9"]
[EventCountry "ESP"]
[SourceTitle "EXT 2022"]
[Source "ChessBase"]
[SourceDate "2021.10.06"]
[SourceVersion "1"]
[SourceVersionDate "2021.10.06"]
[SourceQuality "1"]

1. e4 c5 2. Nf3 d6 3. d4 cxd4 4. Qxd4 Nc6 5. Qe3 Nf6 6. c4 g6 7. Be2 Bg7 8. 0-0 0-0 9. Nc3 Re8 10. Rd1 Qc7 11. Rb1 Ng4 12. Qd2 Nge5 13. Nxe5 Nxe5 14. b3 Bg4 15. f3 Be6 16. Bb2 Qc5+ 17. Kh1 f5 18. Na4 Qf2 19. c5 Kh8 20. cxd6 exd6 21. Qxd6 Rad8 22. Qc5 Qxe2 23. Re1 b6 24. Qc7 Rd7 25. Bxe5 Qxa2 26. Bxg7+ Kxg7 27. Qc3+ Kf7 28. Rb2 Qa3 29. exf5 Bxf5 30. Rxe8 Kxe8 31. Qh8+ Qf8 32. Re2+ Re7 33. Rxe7+ Kxe7 34. Qxh7+ Qf7 35. Qh4+ Qf6 36. Qh7+ Qf7 37. Qxf7+ Kxf7 38. Nc3 Ke6 39. Nb5 a5 40. h4 Bd3 41. Nc3 Bc2 42. Ne2 Kf6 43. Nd4 Bd1 44. f4 a4 45. bxa4 Bxa4 46. Ne2 Bc6 47. Kh2 b5 48. Nc3 b4 49. Nd1 b3 50. Kh3 Kf5 51. g3 Bf3 52. Nb2 Be2 53. Kg2 Kg4 54. Kf2 Bf3 55. Nc4 Bd5 56. Ne3+ Kh5 57. Nxd5 b2 58. Nc3 Kg4 59. Nb1 Kf5 60. Kf3 Ke6 61. Ke4 Kf6 62. g4 Ke6 63. f5+ Kf6 64. fxg6 Kxg6 65. Kf4 Kh6 66. g5+ Kg6 1-0